000 01205 a2200325 4500
003 OSt
005 20180116192350.0
008 120531t xxu||||| |||| 00| 0 eng d
010 _a 2007051493
020 _a9780813032450 (alk. paper)
020 _a0813032458 (alk. paper)
035 _a(OCoLC)ocn185033302
035 _a(OCoLC)185033302
040 _c0
082 0 0 _a972.00973
100 1 _aSmith, Michael Ernest,
_93169
245 1 0 _aAztec city-state capitals /
_cMichael E. Smith ; foreword by Marilyn A. Masson and John W. Janusek.
260 _aGainesville :
_bUniversity Press of Florida,
_cc2008.
300 _axv, 255 p. :
_bill., maps ;
_c24 cm.
440 0 _aAncient cities of the new world
_93170
650 1 0 _aAztecs
_xUrban residence.
_93171
650 1 0 _aAztec architecture.
_93172
650 1 0 _aAztecs
_xAntiquities.
_93173
650 1 0 _aCity planning
_zMexico
_xHistory.
_93174
650 1 0 _aCity-states
_zMexico
_xHistory.
_93175
651 1 0 _aMexico
_xAntiquities.
_93176
856 4 1 _3Table of contents only
_uhttp://www.loc.gov/catdir/toc/ecip087/2007051493.html
942 _aSADA
_cBK
_k972.00973 SMI 2008
_2ddc
999 _c352888
_d352888